000 00550cam a22002053a 4500
001 33312
003 PGUSA
005 20140828083724.0
008 100801s2010||||xxu|||||s|||||000 | eng d
040 _aPGUSA
_beng
042 _adc
100 1 _aDuchess,
_d-1897
245 1 0 _aFaith and Unfaith
_h[electronic resource] /
_cDuchess
260 _bProject Gutenberg,
_c2010
506 _aPublic domain in the USA.
516 _aElectronic text
830 0 _aProject Gutenberg
_v33312
856 4 0 _uhttp://www.gutenberg.org/ebooks/33312
942 _cEB
999 _c262567
_d262567